000 00240nam a2200097Ia 4500
005 20251222114352.0
008 251222s1900||||xx |||||||||||||| ||spa||
082 _aDVD0121/P23/2001
245 0 _aEva Ayllón: el concierto de todos:
942 _cDVD
999 _c1292
_d1292